000 00992cam a2200289 i 4500
001 46766
003 Mx-PuUPA
005 20250423140735.0
008 140415s2003 mx gr 000 0 spa d
020 _a9706651292
040 _aMx-PuUPA
_bspa
_cMx-PuUPA
_dMx-PuUPA
_erda
041 0 _aspa
110 2 _aInstituto Mexicano de Contadores Públicos,
_eautor
_92424
245 1 0 _aNormas y procedimientos de auditoria /
_cIMCP
250 _aVigésimatercera edición /
_benero
264 1 _aMéxico, D.F. :
_bInstituto Mexicano de Contadores Públicos,
_c2003
300 _a1 volumen (paginación varia) ;
_c23 cm
336 _2rdacontent
_atexto
_btxt
337 _2rdamedia
_asin medio
_bn
338 _2rdacarrier
_avolumen
_bnc
490 0 _aAuditoría
650 7 _2armarc
_aAuditoria
_xContabilidad
942 _2ddc
_cLI
_h657.45
_iN82
999 _c46766
_d46766